Análisis Agro-Industrial Azucarero : Teoría y Práctica

Bibliographic Details
Main Author: Fraile Mora, Jesús
Format: Section = Libro
Language:Undetermined
Spanish
Published: España McGraw-Hill 2005
Edition:4a.ed
Subjects:
LEADER 00769nam a2200265Ia 4500
008 240830s9999 xx 000 0 und d
020 |a 84-481-9843-3 
040 |a B-ESTELÍ- RUACS / 670.42 C313 
041 |a spa 
082 |a 670.42 C313 
100 1 |a Fraile Mora, Jesús 
245 1 0 |a Análisis Agro-Industrial Azucarero : Teoría y Práctica 
250 |a 4a.ed 
260 |a España  |b McGraw-Hill  |c 2005 
300 |a 817 p. :il 
650 7 |a ELECTROMAGNETISMO 
650 7 |b  CAMPOS ELECTROMAGNETICOS 
650 7 |c  CIRCUITOS ELECTRICOS - TEORIA 
650 7 |d  CIRCUITOS DE CORRIENTE ALTERNA 
650 7 |e  CIRCUITOS TRIFASICOS 
650 7 |f  ANÁLISIS VECTORIAL 
650 7 |g  TRANSFORMADA DE LA PLACE 
942 |c BK  |2 ddc 
991 |a TEXTO 
999 |c 11553